| 000 | 00920nam a22003377a 4500 | ||
|---|---|---|---|
| 005 | 20250404113422.0 | ||
| 008 | 250404b2021 |||||||| |||| 00| 0 spa d | ||
| 020 | _a9783030522063 | ||
| 041 | _aING | ||
| 082 | _a617.693 C496a | ||
| 100 | _aChaughule, Ramesh S. | ||
| 100 | _aDashaputra, Rajesh | ||
| 245 | _aAdvances in dental implantology using nanomaterials and allied technology applications | ||
| 260 | _aIndia | ||
| 260 | _bSpringer | ||
| 260 | _c2021 | ||
| 300 | _a410 páginas | ||
| 650 | _aDENTAL IMPLANTOLOGY | ||
| 650 | _aNANOTECHNOLOGY | ||
| 650 | _aOSSEOINTEGRATION | ||
| 650 | _aMACROPHAGE | ||
| 650 | _aBACTERIAL PROLIFERATION | ||
| 650 | _aCOATINGS IMPLANT | ||
| 650 | _aDENTAL MATERIALS | ||
| 650 | _aBIORESORBABLE MATERIALS | ||
| 650 | _aNANOBIOMATERIALS | ||
| 650 | _aPROSTHETIC REHABILITATION | ||
| 650 | _aMAXILLOFACIAL PROTHESIS | ||
| 942 |
_2ddc _cBK |
||
| 999 |
_c13731 _d13731 |
||